Satelliittikuvia #4 - Statistics

Yleistilastot
  • Tätä visaa on pelattu 429 kertaa
  • Keskiarvotulos 9 / 17
Vastaustilastot
Kuvavisa Hint Vastaus % Oikein
Yhdysvaltain osavaltio Alaska
95%
alue Skandinavia
94%
saari Irlanti
86%
kaupunki Dubai
79%
vesimuodostuma Englannin kanaali
58%
niemimaa Krim
51%
saaristo Kanariansaaret
47%
"maa" Wales
43%
saari Hispaniola
41%
niemimaa Jukatanin niemimaa
41%
saari Hokkaido
39%
järvi Michiganjärvi
39%
saari Korsika
38%
järvi Victorianjärvi
38%
saaristo Färsaaret
32%
saaristo Falklandinsaaret
29%
niemimaa Kamtšatka
26%
Ehtoja vastaavia visoja ei löytynyt
Tulosjakauma
Jokaisen tuloksen saaneiden osuus
Persentiili vastausten määrän mukaan
Tuloshistoriasi
Et ole pelannut tätä visaa